Actas del Cabildo Eclesiástico de Caracas: compendio cronológico

Guardat en:
Dades bibliogràfiques
Format: Llibre
Idioma:espanyol
Publicat: Caracas Fuentes para la Historia Colonial de Venezuela 1963
Col·lecció:Biblioteca de la Academia Nacional de la Historia, 64, 65
Matèries:
Etiquetes: Afegir etiqueta
Sense etiquetes, Sigues el primer a etiquetar aquest registre!

MARC

LEADER 00000nam a2200000 a 4500
001 UCS9176
003 CL-VaPUC
008 971113e19630000VE |||||||||||||||||spa|d
082 0 4 |a 349.87  |b ACT  |2 21 
245 1 0 |a Actas del Cabildo Eclesiástico de Caracas: compendio cronológico 
300 |a v 
942 |c BK 
945 |d 19971113 00:00:00  |a cmena 
260 |a Caracas  |b Fuentes para la Historia Colonial de Venezuela  |c 1963 
500 |a v.1: 1580 - 1770 
500 |a v.2: 1771 - 1808 
650 0 |a Derecho Indiano  |9 256266 
650 7 |a CABILDOS  |2 CL-VaPUC  |9 375432 
650 0 |a Elecciones  |9 254997 
650 0 |a Iglesia y Estado  |9 254995 
650 7 |a HISTORIA SIGLOS 16-19  |2 CL-VaPUC  |9 257447 
650 7 |a CABILDO ECLESIASTICO  |2 CL-VaPUC  |9 394175 
650 0 |a Iglesia Católica  |9 256114 
651 7 |a CARACAS  |2 CL-VaPUC  |9 323786 
651 0 |a Venezuela  |9 254993 
583 |a last modification  |c 20150112 03:39:20  |k Rodrigo Vera 
490 0 |a Biblioteca de la Academia Nacional de la Historia, 64, 65 
999 |c 263171  |d 263169 
952 |0 0  |1 0  |4 0  |6 349_870000000000000_ACT_1963  |7 0  |8 DER_HDC  |9 292286  |a BIBDER  |b BIBDER  |d 2019-11-19  |h v.1  |i 1900234  |l 1  |o 349.87 ACT 1963  |p 1900234  |r 2023-01-25  |s 2020-03-16  |w 2019-11-19  |x Ubicación 4to Piso  |y BK  |z Estos recursos deben solicitarse con anticipación  |k DER 
952 |0 0  |1 0  |4 0  |6 349_870000000000000_ACT_1963  |7 0  |8 DER_HDC  |9 292287  |a BIBDER  |b BIBDER  |d 2019-11-19  |h v.2  |i 1900285  |l 1  |o 349.87 ACT 1963  |p 1900285  |r 2023-01-25  |s 2020-03-16  |w 2019-11-19  |x Ubicación 4to Piso  |y BK  |z Estos recursos deben solicitarse con anticipación  |k DER